000 00680nam a22002297a 4500
003 OSt
005 20220107122817.0
008 160627b xxu||||| |||| 00| 0 eng d
020 _a9780521067300
040 _cIIITMK
082 _a004.019 SHA/H
100 _aShackel, Brian
_99906
245 _aHuman factors for informatics usability
_cB. Shackel and S. J. Richardson
260 _aCambridge,
_bCambridgeUniversity Press,
_c1991.
300 _axiv, 438p.
650 _aCOMPUTER SCIENCE
_99907
650 _aHUMAN COMPUTER INTERACTION
_99908
650 _aHCI
_910271
650 _aINFORMATICS USABILITY
_99909
700 _aRichardson, S. J. (Eds.)
_99910
942 _2ddc
_cBK
999 _c5263
_d5263